Statistics for Metal Gear Characters

Click here to take the quiz!

General Stats

  • This quiz has been taken 11 times
  • The average score is 4 of 14

Answer Stats

OrganizationAnswer% Correct
FoxhoundSolid Snake
100%
FoxhoundBig Boss
73%
Outer Heaven MercBig Boss
64%
FoxhoundGray Fox
55%
ResistenceSchneider
18%
CiviliansEllen Madnar
18%
CiviliansDrago Pettrovich Madnar
18%
ResistenceDiane
9%
ResistenceJennifer
9%
Outer Heaven MercMachinegun Kid
9%
Outer Heaven MercFire Trooper
9%
Outer Heaven MercDirty Duck
9%
Outer Heaven MercShotmaker
0%
Outer Heaven MercBloody Brad
0%

Score Distribution

Percentile by Number Answered

Percent of People with Each Score

Your Score History

You have not taken this quiz